000 00256nam a22001217a 4500
008 181025b xxu||||| |||| 00| 0 eng d
041 _aeng
080 _a330
100 _a58
101 _aBus
245 _aBussiness Ethics
_cFerrell.f
942 _2udc
_cBK
999 _c50936
_d50936